Statistics for Normandy D-Day Beaches

Click here to take the quiz!

General Stats

  • This quiz has been taken 9,139 times
  • The average score is 4 of 5

Answer Stats

Beach % Correct
Omaha
94%
Utah
74%
Juno
70%
Gold
60%
Sword
57%

Score Distribution

Percentile by Number Answered

Percent of People with Each Score

Your Score History

You have not taken this quiz